| 000 | 00461nam a2200217Ia 4500 | ||
|---|---|---|---|
| 001 | 12541 | ||
| 003 | GE_BSU | ||
| 008 | 181216s||||||||xx |||||||||||||| ||und|| | ||
| 020 | _a0631208771 | ||
| 040 | _cGE_BSU | ||
| 080 | _a81'42 | ||
| 100 | _aJohnstone,Barbara | ||
| 245 | _aDiscourse Analisis | ||
| 260 | _aOxford | ||
| 260 | _bBlackwell | ||
| 260 | _c2002 | ||
| 300 | _a269p.23cm. | ||
| 541 | _h135Gel. | ||
| 653 | _aDiscourse Analisis | ||
| 942 | _cBK | ||
| 999 |
_c45714 _d45714 |
||